សិក្សាបច្ចេកទេសអាជីវកម្មឈើមូលក្នុងព្រៃគប់នៅរុក្ខដ្ឋានកែវ សីម៉ា ខេត្តមណ្ឌលគីរី (Record no. 2894)

000 -LEADER
fixed length control field 00628nam a22001577a 4500
003 - CONTROL NUMBER IDENTIFIER
control field OSt
005 - DATE AND TIME OF LATEST TRANSACTION
control field 20151101092404.0
008 - FIXED-LENGTH DATA ELEMENTS--GENERAL INFORMATION
fixed length control field 151101b xxu||||| |||| 00| 0 eng d
040 ## - CATALOGING SOURCE
Transcribing agency RUA
082 ## - DEWEY DECIMAL CLASSIFICATION NUMBER
Classification number FOR សិទ្ធិ 1990 B115 Or.1
100 ## - MAIN ENTRY--PERSONAL NAME
9 (RLIN) 3104
Personal name សិទ្ធិុ ,សំណាង
245 ## - TITLE STATEMENT
Title សិក្សាបច្ចេកទេសអាជីវកម្មឈើមូលក្នុងព្រៃគប់នៅរុក្ខដ្ឋានកែវ សីម៉ា ខេត្តមណ្ឌលគីរី
260 ## - PUBLICATION, DISTRIBUTION, ETC. (IMPRINT)
Place of publication, distribution, etc. Phnom Penh
Name of publisher, distributor, etc. RUA
Date of publication, distribution, etc. 1990
300 ## - PHYSICAL DESCRIPTION
Extent 146p.
Other physical details ill.
Dimensions 29cm.
942 ## - ADDED ENTRY ELEMENTS (KOHA)
Source of classification or shelving scheme
Koha item type FOR
Holdings
Price effective from Date last seen Permanent Location Not for loan Date acquired Source of classification or shelving scheme Koha item type Barcode Lost status Damaged status Shelving location Withdrawn status Current Location Full call number
2015-11-012015-11-01Library Block B 2015-11-01 FORRUA028838  B115 Library Block BFOR សិទ្ធិ 1990 B115 Or.1
មជ្ឈមណ្ឌលឯការនៃសាកលវិទ្យាល័យភូមិន្ទកសិកម្មចំការដូង

Powered by Koha